000 00329nam a2200157Ia 4500
100 _aWright/ Stevens
490 _v2
942 _cBK
654 _aTCP/IP
245 _aTCP/IP Illustrated Vol 2
260 _bADDISON WESLEY
_aReading
_c1994
082 _a4.62
_bWRI/STE
300 _a1174
546 _aENGLISH
999 _c31080
_d31080